LEADER 04476nam 22007695 450 001 9910595060903321 005 20260225140925.0 010 $a3-031-08431-4 024 7 $a10.1007/978-3-031-08431-7 035 $a(MiAaPQ)EBC7088001 035 $a(Au-PeEL)EBL7088001 035 $a(CKB)24837142500041 035 $a(DE-He213)978-3-031-08431-7 035 $a(OCoLC)1345017418 035 $a(EXLCZ)9924837142500041 100 $a20220915d2022 u| 0 101 0 $aeng 135 $aurcnu|||||||| 181 $ctxt$2rdacontent 182 $cc$2rdamedia 183 $acr$2rdacarrier 200 10$aEco-Anxiety and Planetary Hope $eExperiencing the Twin Disasters of COVID-19 and Climate Change /$fedited by Douglas A. Vakoch, Sam Mickey 205 $a1st ed. 2022. 210 1$aCham :$cSpringer International Publishing :$cImprint: Springer,$d2022. 215 $a1 online resource (156 pages) 225 1 $aBehavioral Science and Psychology Series 311 08$aPrint version: Vakoch, Douglas A. Eco-Anxiety and Planetary Hope Cham : Springer International Publishing AG,c2022 9783031084300 320 $aIncludes bibliographical references. 327 $aPart I. The Experience of Eco-Anxiety -- Chapter 1. Not to Be Unworthy of the Event: Thinking through Pandemics with Merleau-Ponty and Deleuze -- Chapter 2. We Breathe, Therefore We Are: The Gasp of Life -- Chapter 3. Atmospheres of Anxiety: Doing Nothing in an Ecological Emergency -- Chapter 4. Anxiety and the Re-Figuration of Human Action: Living in a Crisis-Shaped Present -- Chapter 5. Authentic Compassion in the Wake of Coronavirus: A Nietzschean Climate Ethics -- Part II. Beyond Birth, Existence, and Environment -- Chapter 6. Birth Strike: Holding the Tension between Existence and Non-Existence -- Chapter 7. Stillbirth Grief, Eco-Grief & Corona Grief: Reflections on Denialism -- Chapter 8. Saving the Other, Saving the Self: Exploring Children?s and Young People?s Feelings about the Coronavirus, Climate, and Biodiversity Crises -- Chapter 9. Participating in the Wound of the World: A Matrixial Rethinking of Eco-Anxiety -- Chapter 10. From Oppression to Love as Mother Earth Joins the Time?s Upand #MeToo Movements -- Part III. Eco-Poetry and Creative Writing -- Chapter 11. Ecoprogamming the Vulnerable Bodies -- Chapter 12. Anxiety in Isolation: Anointing with Ecocentrism -- Chapter 13. ?Narrative Medicine? in the Age of COVID-19: The Power of Creative Writing to Reimagine Environmental Crisis -- Chapter 14. Solastalgia and Soul Suffrage: A Narrative Eco-Poem. 330 $aThis timely volume examines the conflict between human individual life and larger forces that are not controllable. Drawing on recent literature in phenomenological and existential psychology it calls for a more nuanced understanding of the human predicament. Focusing on the co-occurring crises of climate change and the COVID-19 epidemic, it explores the nature of widespread anxiety and the long-term human consequences. It calls for an expansion of current research that would include the arts and humanities for critical insights into how this essential conflict between humanity and nature may be reconciled. 410 0$aBehavioral Science and Psychology Series 606 $aPsychology 606 $aEnvironmental psychology 606 $aSocial psychology 606 $aBehavioral Sciences and Psychology 606 $aEnvironmental Psychology 606 $aSocial Psychology 606 $aPsicologia ambiental$2thub 606 $aAnsietat$2thub 606 $aCanvi climàtic$2thub 606 $aCOVID-19$2thub 606 $aEcologia humana$2thub 606 $aAspectes psicològics$2thub 608 $aLlibres electrònics$2thub 615 0$aPsychology. 615 0$aEnvironmental psychology. 615 0$aSocial psychology. 615 14$aBehavioral Sciences and Psychology. 615 24$aEnvironmental Psychology. 615 24$aSocial Psychology. 615 7$aPsicologia ambiental 615 7$aAnsietat 615 7$aCanvi climàtic 615 7$aCOVID-19 615 7$aEcologia humana 615 7$aAspectes psicològics 676 $a616.8522 676 $a155.915 702 $aMickey$b Sam 702 $aVakoch$b Douglas A. 801 0$bMiAaPQ 801 1$bMiAaPQ 801 2$bMiAaPQ 906 $aBOOK 912 $a9910595060903321 996 $aEco-anxiety and planetary hope$93009971 997 $aUNINA